Marvel Or Dc Characters #11 - Statistics

General Stats
  • This quiz has been taken 32 times
  • The average score is 12 of 15
Answer Stats
Question Answer % Correct
Blade Marvel
96%
Ultron Marvel
96%
Talia Al Ghul DC
93%
Brainiac DC
89%
Mister Miracle DC
89%
Havok Marvel
89%
Banshee Marvel
81%
Squirrel Girl Marvel
81%
Elongated Man DC
78%
kilowog DC
74%
Ned Marvel
74%
Firestorm DC
67%
Knockout DC
67%
Cloak And Dagger Marvel
67%
Luna Snow Marvel
52%
No matching quizzes found
Score Distribution
Percent of People with Each Score
Percentile by Number Answered
Your Score History
You have not taken this quiz